000 00699nam a22002177a 4500
999 _c13177
_d13177
003 AR-CdUCM
008 190411b ||||| |||| 00| 0 spa d
040 _aMUNICIPALIDAD PROVINCIAL DEL CUSCO
_cBIBLIOTECA MUNICIPAL DEL CUSCO
082 _aES / 373.869 /
_bSU88
100 _aSueldo Guevara, Ruben
_96569
245 _aNarradores Cuzqueños :
_bEstudio preliminar, antologia y notas /
260 _aLima :
_bLetras Peruanas,
_c1967.
300 _a247 paginas ;
_bIlustraciones,
_c23 cm.
500 _aNarraciones cuentos
650 _aNarraciones
_9930
650 _aCuentos
_9217
650 _aHistorias
_92725
650 _aLiteratura
_983
942 _2ddc
_cLIBROS
945 _apjha
_d2019-04-11